[Event "Maksym Yusupov mem."]
[Site "Lvov UKR"]
[Date "2014.03.15"]
[Round "4"]
[White "Golubka, Petro"]
[Black "Ustiyanovich, Nazariy"]
[Result "1/2-1/2"]
[WhiteElo "2396"]
[BlackElo "2221"]
[WhiteFideId "-1"]
[BlackFideId "-1"]
[PlyCount "80"]
[GameId "2130307673844662"]
[EventDate "2014.03.14"]
[EventType "tourn"]
[EventRounds "9"]
[EventCountry "UKR"]
[EventCategory "1"]
[SourceTitle "CBM 159 Extra"]
[Source "ChessBase"]
[SourceDate "2014.04.24"]
[SourceVersion "1"]
[SourceVersionDate "2014.04.24"]
[SourceQuality "1"]

1. e4 c6 2. d4 d5 3. e5 Bf5 4. Nf3 e6 5. Be2 c5 6. c4 dxc4 7. Nc3 Nc6 8. Be3 cxd4 9. Nxd4 Nxd4 10. Qxd4 Qxd4 11. Bxd4 Ne7 12. Bxc4 Nc6 13. Bb5 O-O-O 14. Be3 Bb4 15. Bxc6 bxc6 16. Rc1 Rd3 17. Bxa7 Kb7 18. Be3 Ra8 19. O-O Bxc3 20. bxc3 Rxa2 21. Rb1+ Kc8 22. Rb3 Rd5 23. c4 Rda5 24. h3 Bc2 25. Rb6 Ra6 26. c5 Kc7 27. Kh2 Ra1 28. Rc1 Bd3 29. Rc3 R6a3 30. Rxa3 Rxa3 31. Rb4 Ra7 32. Rg4 Bg6 33. h4 h5 34. Rd4 Ra3 35. Kg3 Rd3 36. Rb4 Rd1 37. Kf4 Rg1 38. g3 Rf1 39. Ra4 Kb7 40. f3 Bf5 1/2-1/2

[Event "Maksym Yusupov mem."]
[Site "Lvov UKR"]
[Date "2014.03.16"]
[Round "5"]
[White "Sychevskyy, Andriy"]
[Black "Golubka, Petro"]
[Result "1/2-1/2"]
[WhiteElo "2151"]
[BlackElo "2396"]
[WhiteFideId "-1"]
[BlackFideId "-1"]
[PlyCount "81"]
[GameId "2130307673844669"]
[EventDate "2014.03.14"]
[EventType "tourn"]
[EventRounds "9"]
[EventCountry "UKR"]
[EventCategory "1"]
[SourceTitle "CBM 159 Extra"]
[Source "ChessBase"]
[SourceDate "2014.04.24"]
[SourceVersion "1"]
[SourceVersionDate "2014.04.24"]
[SourceQuality "1"]

1. d4 Nf6 2. c4 e6 3. g3 d5 4. Nf3 c5 5. cxd5 exd5 6. Bg2 Nc6 7. O-O Be7 8. Nc3 O-O 9. dxc5 Bxc5 10. Na4 Be7 11. Be3 Re8 12. Rc1 Ne4 13. Nc5 Bxc5 14. Bxc5 Nxc5 15. Rxc5 Qb6 16. Rxd5 Qxb2 17. Rd2 Qf6 18. Nd4 Nxd4 19. Rxd4 Rb8 20. Qa4 Be6 21. Rf4 Qb2 22. Rb4 Qxa2 23. Qxa2 Bxa2 24. Ra1 Rxe2 25. Ra4 Bb3 26. Rxa7 b6 27. Rb1 Ra2 28. Rc7 Be6 29. Rb7 Rxb7 30. Bxb7 Bh3 31. Bg2 Bxg2 32. Rxb6 g6 33. Kxg2 Kg7 34. Rd6 h6 35. Rc6 h5 36. Rd6 Rb2 37. Rc6 Rb4 38. h4 Ra4 39. Rb6 Rc4 40. Rd6 Rb4 41. Rc6 1/2-1/2

[Event "Maksym Yusupov mem."]
[Site "Lvov UKR"]
[Date "2014.03.16"]
[Round "6"]
[White "Golubka, Petro"]
[Black "Vetoshko, Volodymyr"]
[Result "1/2-1/2"]
[WhiteElo "2396"]
[BlackElo "2332"]
[WhiteFideId "-1"]
[BlackFideId "-1"]
[PlyCount "79"]
[GameId "2130307673844672"]
[EventDate "2014.03.14"]
[EventType "tourn"]
[EventRounds "9"]
[EventCountry "UKR"]
[EventCategory "1"]
[SourceTitle "CBM 159 Extra"]
[Source "ChessBase"]
[SourceDate "2014.04.24"]
[SourceVersion "1"]
[SourceVersionDate "2014.04.24"]
[SourceQuality "1"]

1. e4 c5 2. Nf3 e6 3. Nc3 a6 4. d4 cxd4 5. Nxd4 b5 6. Bd3 Qb6 7. Be3 Bc5 8. Be2 Nc6 9. Nxc6 Qxc6 10. e5 Bxe3 11. fxe3 Qc7 12. Bf3 Rb8 13. Qd6 Qxd6 14. exd6 Nf6 15. e4 O-O 16. O-O-O b4 17. Na4 Rb5 18. Rd4 e5 19. Rc4 Bb7 20. Rd1 Rc8 21. Rc7 Rxc7 22. dxc7 Bc8 23. Be2 Rb7 24. Bxa6 Rxc7 25. Bxc8 Rxc8 26. Nb6 Rc7 27. h3 Kf8 28. g4 h6 29. b3 Rb7 30. Nc4 Nxe4 31. Nxe5 Nc3 32. Rxd7 Rxd7 33. Nxd7+ Ke7 34. Ne5 Nxa2+ 35. Kd2 Ke6 36. Kd3 f5 37. Ke3 g5 38. gxf5+ Kxf5 39. Kf3 h5 40. Ke3 1/2-1/2

[Event "Maksym Yusupov mem."]
[Site "Lvov UKR"]
[Date "2014.03.17"]
[Round "8"]
[White "Golubka, Petro"]
[Black "Meleshko, Vladimir"]
[Result "1-0"]
[WhiteElo "2396"]
[BlackElo "2239"]
[WhiteFideId "-1"]
[BlackFideId "-1"]
[PlyCount "79"]
[GameId "2130307673844682"]
[EventDate "2014.03.14"]
[EventType "tourn"]
[EventRounds "9"]
[EventCountry "UKR"]
[EventCategory "1"]
[SourceTitle "CBM 159 Extra"]
[Source "ChessBase"]
[SourceDate "2014.04.24"]
[SourceVersion "1"]
[SourceVersionDate "2014.04.24"]
[SourceQuality "1"]

1. e4 c5 2. Nf3 Nc6 3. Bb5 g6 4. O-O Bg7 5. Re1 Qb6 6. a4 a6 7. Bxc6 Qxc6 8. Nc3 d6 9. d4 Bg4 10. dxc5 dxc5 11. Nd5 O-O-O 12. a5 Kb8 13. Qd2 Bxf3 14. Qf4+ Ka7 15. Qxf3 e6 16. Nb6 f5 17. Bg5 Bf6 18. Qg3 h6 19. Bf4 g5 20. Be5 f4 21. Qc3 Bxe5 22. Qxe5 Ne7 23. Red1 Nc8 24. Nd7 Ne7 25. Rd6 Qb5 26. Rad1 Nc6 27. Qxc5+ Qxc5 28. Nxc5 Rxd6 29. Rxd6 Nxa5 30. b4 Rc8 31. Rxe6 Nc6 32. c3 a5 33. b5 Nd8 34. b6+ Kb8 35. Re5 Rc6 36. h4 gxh4 37. Kh2 Kc8 38. Na4 Rc4 39. Rxa5 Rxe4 40. Ra8+ 1-0

[Event "Maksym Yusupov mem."]
[Site "Lvov UKR"]
[Date "2014.03.18"]
[Round "9"]
[White "Terletsky, Oleg"]
[Black "Golubka, Petro"]
[Result "1/2-1/2"]
[WhiteElo "2236"]
[BlackElo "2396"]
[WhiteFideId "-1"]
[BlackFideId "-1"]
[PlyCount "99"]
[GameId "2130307673844689"]
[EventDate "2014.03.14"]
[EventType "tourn"]
[EventRounds "9"]
[EventCountry "UKR"]
[EventCategory "1"]
[SourceTitle "CBM 159 Extra"]
[Source "ChessBase"]
[SourceDate "2014.04.24"]
[SourceVersion "1"]
[SourceVersionDate "2014.04.24"]
[SourceQuality "1"]

1. e4 c5 2. Nf3 d6 3. Nc3 Nf6 4. g3 g6 5. Bg2 Bg7 6. O-O O-O 7. d3 Nc6 8. h3 Rb8 9. a4 a6 10. Be3 b5 11. axb5 axb5 12. Qd2 e5 13. Bg5 b4 14. Nd5 Be6 15. Nh2 Bxd5 16. exd5 Ne7 17. Ra7 Qe8 18. Bxf6 Bxf6 19. Rfa1 Nf5 20. R1a6 Qd8 21. Nf3 c4 22. dxc4 e4 23. Nh2 e3 24. fxe3 Bg5 25. Nf1 Nxe3 26. Qd3 Nxf1 27. Bxf1 Re8 28. Kh2 Qf6 29. Bg2 Re3 30. Ra8 Rxa8 31. Rxa8+ Kg7 32. Qf1 Qe5 33. Bf3 b3 34. cxb3 h5 35. Kg2 h4 36. Qf2 hxg3 37. Qxg3 Qxb2+ 38. Qf2 Qd4 39. Re8 Qd3 40. Rxe3 Bxe3 41. Qe2 Qxb3 42. Be4 Bf4 43. Bd3 Qc3 44. Qe4 Be5 45. Qe2 Qc1 46. Qf3 f5 47. Bf1 Qd2+ 48. Be2 g5 49. Kf1 Qc1+ 50. Kg2 1/2-1/2

[Event "Novoyavorivsk CC-ch"]
[Site "Novoyavorivsk UKR"]
[Date "2013.10.03"]
[Round "1.1"]
[White "Grinev, Valeriy"]
[Black "Golubka, Petro"]
[Result "1/2-1/2"]
[WhiteElo "2362"]
[BlackElo "2386"]
[WhiteFideId "-1"]
[BlackFideId "-1"]
[PlyCount "70"]
[GameId "2130307678806046"]
[EventDate "2013.10.03"]
[EventType "tourn"]
[EventRounds "9"]
[EventCountry "UKR"]
[EventCategory "2"]
[SourceTitle "The Week in Chess 993"]
[Source "Mark Crowther"]
[SourceDate "2013.11.18"]
[SourceVersion "4"]
[SourceVersionDate "2013.12.04"]
[SourceQuality "2"]

1. d4 Nf6 2. Nf3 e6 3. Bg5 b6 4. g3 Bb7 5. Bg2 Be7 6. O-O O-O 7. c4 h6 8. Bf4 d5 9. Qc2 Nbd7 10. cxd5 Nxd5 11. Bd2 c5 12. dxc5 Nxc5 13. Nc3 Nxc3 14. Bxc3 Bf6 15. Rfd1 Qe7 16. Ne5 Bxg2 17. Kxg2 Qb7+ 18. f3 Rfd8 19. e4 h5 20. b4 Nd7 21. Nc4 Qc7 22. Bxf6 Nxf6 23. Qe2 Rxd1 24. Rxd1 Rd8 25. Rxd8+ Qxd8 26. Qd2 Qxd2+ 27. Nxd2 Kf8 28. Kf2 Ke7 29. Ke3 Kd6 30. Kd4 e5+ 31. Kc4 Ne8 32. Nf1 Kc6 33. a4 Nd6+ 34. Kc3 f5 35. Nd2 fxe4 1/2-1/2

[Event "Novoyavorivsk CC-ch"]
[Site "Novoyavorivsk UKR"]
[Date "2013.10.04"]
[Round "2.1"]
[White "Golubka, Petro"]
[Black "Panchyshyn, Taras"]
[Result "0-1"]
[WhiteElo "2386"]
[BlackElo "2128"]
[WhiteFideId "-1"]
[BlackFideId "-1"]
[PlyCount "66"]
[GameId "2130307678806051"]
[EventDate "2013.10.03"]
[EventType "tourn"]
[EventRounds "9"]
[EventCountry "UKR"]
[EventCategory "2"]
[SourceTitle "The Week in Chess 993"]
[Source "Mark Crowther"]
[SourceDate "2013.11.18"]
[SourceVersion "4"]
[SourceVersionDate "2013.12.04"]
[SourceQuality "2"]

1. d4 Nf6 2. c4 g6 3. Nf3 Bg7 4. e3 O-O 5. Be2 d5 6. cxd5 Nxd5 7. O-O b6 8. Nbd2 Bb7 9. Re1 Nd7 10. Bf1 e6 11. a3 c5 12. dxc5 Nxc5 13. Rb1 Rc8 14. h3 Bc6 15. Qe2 Ba4 16. Nd4 e5 17. N4f3 Bc2 18. Ra1 Nd3 19. Qxd3 Bxd3 20. Bxd3 Re8 21. Be4 Nf6 22. Bb1 e4 23. Nd4 Qd7 24. N2b3 Re5 25. Bd2 Rg5 26. Kf1 a5 27. Bc3 Nd5 28. Nd2 Rxc3 29. bxc3 Nxc3 30. Nxe4 Nxe4 31. Bxe4 Bxd4 32. exd4 Qxd4 33. a4 Re5 0-1

[Event "Novoyavorivsk CC-ch"]
[Site "Novoyavorivsk UKR"]
[Date "2013.10.04"]
[Round "3.1"]
[White "Omelja, Artem"]
[Black "Golubka, Petro"]
[Result "1/2-1/2"]
[WhiteElo "2253"]
[BlackElo "2386"]
[WhiteFideId "-1"]
[BlackFideId "-1"]
[PlyCount "74"]
[GameId "2130307678806056"]
[EventDate "2013.10.03"]
[EventType "tourn"]
[EventRounds "9"]
[EventCountry "UKR"]
[EventCategory "2"]
[SourceTitle "The Week in Chess 993"]
[Source "Mark Crowther"]
[SourceDate "2013.11.18"]
[SourceVersion "4"]
[SourceVersionDate "2013.12.04"]
[SourceQuality "2"]

1. e4 e5 2. Nf3 Nc6 3. Bb5 a6 4. Ba4 Nf6 5. O-O b5 6. Bb3 Be7 7. Re1 d6 8. c3 O-O 9. h3 Bb7 10. d4 Re8 11. Nbd2 Bf8 12. Bc2 g6 13. d5 Ne7 14. b3 c6 15. c4 Bg7 16. a4 cxd5 17. cxd5 Nh5 18. axb5 axb5 19. Rxa8 Qxa8 20. Bd3 Qa5 21. Nh2 Nf4 22. Bf1 Bc8 23. Nb1 Bd7 24. Bd2 Qb6 25. Be3 Qb7 26. Qd2 f5 27. f3 b4 28. Qc2 Rc8 29. Bc4 fxe4 30. fxe4 g5 31. Nd2 Neg6 32. Ndf3 Bb5 33. g3 Bxc4 34. bxc4 b3 35. Qb1 Rxc4 36. gxf4 exf4 37. Bf2 h6 1/2-1/2

[Event "Novoyavorivsk CC-ch"]
[Site "Novoyavorivsk UKR"]
[Date "2013.10.05"]
[Round "4.1"]
[White "Golubka, Petro"]
[Black "Rytenko, Vsevolod"]
[Result "0-1"]
[WhiteElo "2386"]
[BlackElo "2188"]
[WhiteFideId "-1"]
[BlackFideId "-1"]
[PlyCount "82"]
[GameId "2130307678806061"]
[EventDate "2013.10.03"]
[EventType "tourn"]
[EventRounds "9"]
[EventCountry "UKR"]
[EventCategory "2"]
[SourceTitle "The Week in Chess 993"]
[Source "Mark Crowther"]
[SourceDate "2013.11.18"]
[SourceVersion "4"]
[SourceVersionDate "2013.12.04"]
[SourceQuality "2"]

1. c4 g6 2. Nc3 Bg7 3. Nf3 Nf6 4. d4 d5 5. cxd5 Nxd5 6. Na4 O-O 7. e3 b6 8. Be2 Bb7 9. O-O Nd7 10. Re1 Rc8 11. Bf1 N5f6 12. h3 c5 13. dxc5 Nxc5 14. Nxc5 Rxc5 15. Qxd8 Rxd8 16. Nd4 Ne4 17. a4 e5 18. Nb5 Rc2 19. Re2 Rxe2 20. Bxe2 a6 21. Nc3 Nc5 22. Kf1 Nb3 23. Rb1 e4 24. Ke1 Nc5 25. Bd2 Nd3+ 26. Bxd3 Rxd3 27. Ne2 Rb3 28. Nc3 b5 29. axb5 axb5 30. Kd1 b4 31. Kc2 bxc3 32. Kxb3 cxd2 33. Kc2 Ba6 34. Kxd2 Bd3 35. Rc1 Bxb2 36. Rc8+ Kg7 37. f3 exf3 38. gxf3 Bf5 39. Rb8 Be5 40. Rb5 Bg3 41. f4 h5 0-1

[Event "Novoyavorivsk CC-ch"]
[Site "Novoyavorivsk UKR"]
[Date "2013.10.05"]
[Round "5.1"]
[White "Kruglyakov, Pavlo"]
[Black "Golubka, Petro"]
[Result "1/2-1/2"]
[WhiteElo "2369"]
[BlackElo "2386"]
[WhiteFideId "-1"]
[BlackFideId "-1"]
[PlyCount "58"]
[GameId "2130307678806066"]
[EventDate "2013.10.03"]
[EventType "tourn"]
[EventRounds "9"]
[EventCountry "UKR"]
[EventCategory "2"]
[SourceTitle "The Week in Chess 993"]
[Source "Mark Crowther"]
[SourceDate "2013.11.18"]
[SourceVersion "4"]
[SourceVersionDate "2013.12.04"]
[SourceQuality "2"]

1. e4 c5 2. Nf3 d6 3. d4 cxd4 4. Nxd4 Nf6 5. Nc3 a6 6. Bg5 e6 7. f4 Qb6 8. Qd2 Qxb2 9. Rb1 Qa3 10. f5 Nc6 11. fxe6 fxe6 12. Nxc6 bxc6 13. e5 dxe5 14. Bxf6 gxf6 15. Be2 h5 16. Ne4 Be7 17. Rb3 Qa4 18. Nxf6+ Bxf6 19. c4 Ra7 20. O-O Rd7 21. Qe3 Rf8 22. Bxh5+ Ke7 23. Qc5+ Rd6 24. Rd3 Rfd8 25. Rxd6 Rxd6 26. Rxf6 Kxf6 27. Qxd6 Qxc4 28. Qd8+ Kg7 29. Qxc8 Qc1+ 1/2-1/2

[Event "Novoyavorivsk CC-ch"]
[Site "Novoyavorivsk UKR"]
[Date "2013.10.06"]
[Round "6.1"]
[White "Golubka, Petro"]
[Black "Terletsky, Oleg"]
[Result "1/2-1/2"]
[WhiteElo "2386"]
[BlackElo "2274"]
[WhiteFideId "-1"]
[BlackFideId "-1"]
[PlyCount "55"]
[GameId "2130307678806071"]
[EventDate "2013.10.03"]
[EventType "tourn"]
[EventRounds "9"]
[EventCountry "UKR"]
[EventCategory "2"]
[SourceTitle "The Week in Chess 993"]
[Source "Mark Crowther"]
[SourceDate "2013.11.18"]
[SourceVersion "4"]
[SourceVersionDate "2013.12.04"]
[SourceQuality "2"]

1. e4 e5 2. Nf3 Nc6 3. Bb5 a6 4. Ba4 Nf6 5. O-O b5 6. Bb3 Be7 7. a4 b4 8. d3 d6 9. Nbd2 Na5 10. Ba2 c5 11. Re1 O-O 12. Nf1 Be6 13. Bxe6 fxe6 14. Bd2 Rb8 15. Ne3 Qe8 16. Ng5 Qd7 17. c3 bxc3 18. Bxc3 Nb3 19. Ra3 Nd4 20. Nc4 h6 21. Nf3 Nxf3+ 22. Qxf3 Nd5 23. Qd1 Nf4 24. Bd2 Kh7 25. Be3 Rb4 26. g3 Ng6 27. Bd2 Rb7 28. Bc3 1/2-1/2

[Event "Novoyavorivsk CC-ch"]
[Site "Novoyavorivsk UKR"]
[Date "2013.10.06"]
[Round "7.1"]
[White "Melnichuk, Mikhail"]
[Black "Golubka, Petro"]
[Result "1/2-1/2"]
[WhiteElo "2362"]
[BlackElo "2386"]
[WhiteFideId "-1"]
[BlackFideId "-1"]
[PlyCount "83"]
[GameId "2130307678806076"]
[EventDate "2013.10.03"]
[EventType "tourn"]
[EventRounds "9"]
[EventCountry "UKR"]
[EventCategory "2"]
[SourceTitle "The Week in Chess 993"]
[Source "Mark Crowther"]
[SourceDate "2013.11.18"]
[SourceVersion "4"]
[SourceVersionDate "2013.12.04"]
[SourceQuality "2"]

1. Nf3 d5 2. d4 Nf6 3. c4 e6 4. e3 c5 5. a3 Nc6 6. Nc3 Ne4 7. Qc2 Nxc3 8. Qxc3 cxd4 9. Nxd4 Nxd4 10. Qxd4 dxc4 11. Qxd8+ Kxd8 12. Bxc4 Bd7 13. b4 Rc8 14. Bd3 Be7 15. Bb2 Bf6 16. Bxf6+ gxf6 17. Ke2 Ke7 18. Rac1 h6 19. g3 f5 20. e4 Bc6 21. Ke3 a6 22. Rhd1 fxe4 23. Bxe4 Bxe4 24. Kxe4 h5 25. f4 b6 26. f5 Kf6 27. fxe6 Kxe6 28. a4 h4 29. a5 bxa5 30. bxa5 hxg3 31. hxg3 Rhg8 32. Re1 Rxc1 33. Rxc1 Rxg3 34. Rc6+ Kd7 35. Rxa6 Kc7 36. Ra7+ Kb8 37. Kf4 Rf3+ 38. Kxf3 Kxa7 39. Ke4 Ka6 40. Kd5 f5 41. Ke5 Kxa5 42. Kxf5 1/2-1/2

[Event "Novoyavorivsk CC-ch"]
[Site "Novoyavorivsk UKR"]
[Date "2013.10.07"]
[Round "8.1"]
[White "Golubka, Petro"]
[Black "Shkuran, Daniil"]
[Result "1/2-1/2"]
[WhiteElo "2386"]
[BlackElo "2391"]
[WhiteFideId "-1"]
[BlackFideId "-1"]
[PlyCount "62"]
[GameId "2130307678806081"]
[EventDate "2013.10.03"]
[EventType "tourn"]
[EventRounds "9"]
[EventCountry "UKR"]
[EventCategory "2"]
[SourceTitle "The Week in Chess 993"]
[Source "Mark Crowther"]
[SourceDate "2013.11.18"]
[SourceVersion "4"]
[SourceVersionDate "2013.12.04"]
[SourceQuality "2"]

1. e4 e5 2. Nf3 Nf6 3. Nxe5 d6 4. Nf3 Nxe4 5. Nc3 Nxc3 6. dxc3 Bf5 7. Be3 Be7 8. Bd3 Bxd3 9. Qxd3 O-O 10. O-O Nc6 11. Rfe1 Re8 12. Qb5 Rb8 13. Bf4 a6 14. Qh5 Bf6 15. Rxe8+ Qxe8 16. Re1 Qd7 17. h3 Re8 18. Rxe8+ Qxe8 19. Qd5 Qe2 20. Qd3 Qe6 21. b3 h6 22. Bd2 Ne5 23. Nxe5 Qxe5 24. Qf3 c6 25. Kf1 Kf8 26. g3 Ke7 27. Qe2 Qxe2+ 28. Kxe2 d5 29. Kd3 Be5 30. c4 dxc4+ 31. Kxc4 Bd6 1/2-1/2

[Event "Novoyavorivsk CC-ch"]
[Site "Novoyavorivsk UKR"]
[Date "2013.10.08"]
[Round "9.1"]
[White "Pugachov, Ilia"]
[Black "Golubka, Petro"]
[Result "1/2-1/2"]
[WhiteElo "2120"]
[BlackElo "2386"]
[WhiteFideId "-1"]
[BlackFideId "-1"]
[PlyCount "60"]
[GameId "2130307678810182"]
[EventDate "2013.10.03"]
[EventType "tourn"]
[EventRounds "9"]
[EventCountry "UKR"]
[EventCategory "2"]
[SourceTitle "The Week in Chess 993"]
[Source "Mark Crowther"]
[SourceDate "2013.11.18"]
[SourceVersion "4"]
[SourceVersionDate "2013.12.04"]
[SourceQuality "2"]

1. d4 d5 2. c4 e6 3. Nc3 c5 4. cxd5 exd5 5. Nf3 Nc6 6. dxc5 d4 7. Na4 Nf6 8. e3 Bg4 9. Be2 dxe3 10. Qxd8+ Rxd8 11. Bxe3 Nd5 12. Rd1 Nxe3 13. Rxd8+ Nxd8 14. fxe3 Bd7 15. Bd1 a5 16. a3 g6 17. O-O Bg7 18. b4 O-O 19. Nd4 Re8 20. Kf2 axb4 21. axb4 Nc6 22. Nb6 Rd8 23. Nxd7 Rxd7 24. Nxc6 bxc6 25. Ba4 Rd2+ 26. Kf3 Rb2 27. Bxc6 Rxb4 28. Bd7 Be5 29. g3 Rc4 30. c6 h5 1/2-1/2

[Event "Mukachevo Summer"]
[Site "Mukachevo UKR"]
[Date "2013.06.27"]
[Round "5.3"]
[White "Golubka, Petro"]
[Black "Andreev, Eduard"]
[Result "1/2-1/2"]
[WhiteElo "2418"]
[BlackElo "2498"]
[WhiteFideId "-1"]
[BlackFideId "-1"]
[PlyCount "24"]
[GameId "2130307682967662"]
[EventDate "2013.06.25"]
[EventType "swiss"]
[EventRounds "9"]
[EventCountry "UKR"]
[SourceTitle "The Week in Chess 974"]
[Source "Mark Crowther"]
[SourceDate "2013.07.09"]
[SourceVersion "4"]
[SourceVersionDate "2013.07.09"]
[SourceQuality "2"]

1. c4 Nf6 2. Nc3 c5 3. Nf3 g6 4. g3 Bg7 5. Bg2 Nc6 6. O-O O-O 7. d4 cxd4 8. Nxd4 Nxd4 9. Qxd4 d6 10. Qe3 Qb6 11. Qxe7 Re8 12. Qf8+ Rxf8 1/2-1/2

[Event "Mukachevo Summer"]
[Site "Mukachevo UKR"]
[Date "2013.06.28"]
[Round "6.6"]
[White "Polishchuk, Oleg"]
[Black "Golubka, Petro"]
[Result "1/2-1/2"]
[WhiteElo "2269"]
[BlackElo "2418"]
[WhiteFideId "-1"]
[BlackFideId "-1"]
[PlyCount "162"]
[GameId "2130307682967671"]
[EventDate "2013.06.25"]
[EventType "swiss"]
[EventRounds "9"]
[EventCountry "UKR"]
[SourceTitle "The Week in Chess 974"]
[Source "Mark Crowther"]
[SourceDate "2013.07.09"]
[SourceVersion "4"]
[SourceVersionDate "2013.07.09"]
[SourceQuality "2"]

1. c4 e6 2. d4 d5 3. Nc3 c5 4. cxd5 exd5 5. Nf3 Nc6 6. a3 Nf6 7. Bg5 cxd4 8. Nxd4 Bc5 9. e3 O-O 10. Be2 Nxd4 11. exd4 Be7 12. O-O Be6 13. Bf3 Qb6 14. Na4 Qb5 15. Re1 Rac8 16. b4 b6 17. Nb2 h6 18. Bf4 Ne4 19. Be2 Qd7 20. Ba6 Rcd8 21. Nd3 Bf6 22. Ne5 Bxe5 23. Bxe5 Nd6 24. Bxd6 Qxd6 25. Rc1 Bd7 26. Qf3 Rfe8 27. Rxe8+ Rxe8 28. Qg3 Qe6 29. h3 Qf6 30. Rc7 Bf5 31. Qc3 Re7 32. Rc6 Re6 33. b5 h5 34. Qf3 Qg6 35. Kh2 Be4 36. Rc8+ Kh7 37. Qg3 Qxg3+ 38. fxg3 Re7 39. Rc3 Bf5 40. Kg1 g6 41. Kf2 Kg7 42. Bc8 Bxc8 43. Rxc8 a6 44. Rd8 axb5 45. Rxd5 Ra7 46. Rxb5 Rxa3 47. Rxb6 Rd3 48. Rd6 Kf8 49. Rd5 Ke7 50. Re5+ Kf6 51. Re4 Kf5 52. Rf4+ Ke6 53. g4 Rd2+ 54. Kf3 hxg4+ 55. Rxg4 Rd3+ 56. Ke4 Ra3 57. Kf4 Ra5 58. Rg3 Ra4 59. Rd3 Ra2 60. d5+ Kd6 61. g4 f6 62. h4 Rh2 63. Kg3 Rh1 64. Rd2 Rg1+ 65. Kf4 Rf1+ 66. Kg3 Rg1+ 67. Kf3 Rh1 68. Ra2 Rxh4 69. Ra6+ Kxd5 70. Rxf6 g5 71. Rf5+ Ke6 72. Rxg5 Kf6 73. Rf5+ Kg6 74. Kg3 Rh1 75. Rf3 Rg1+ 76. Kf4 Ra1 77. Rd3 Rf1+ 78. Kg3 Rg1+ 79. Kf3 Rf1+ 80. Kg2 Ra1 81. Rd5 Ra3 1/2-1/2

[Event "London Classic op"]
[Site "London ENG"]
[Date "2012.12.01"]
[Round "1"]
[White "Iyengar, Ilya"]
[Black "Golubka, Petro"]
[Result "0-1"]
[WhiteElo "2019"]
[BlackElo "2418"]
[WhiteFideId "-1"]
[BlackFideId "-1"]
[PlyCount "84"]
[GameId "2130307688670989"]
[EventDate "2012.12.01"]
[EventType "swiss"]
[EventRounds "9"]
[EventCountry "ENG"]
[SourceTitle "The Week in Chess 944"]
[Source "Mark Crowther"]
[SourceDate "2012.12.10"]
[SourceVersion "3"]
[SourceVersionDate "2012.12.11"]
[SourceQuality "2"]

1. d4 Nf6 2. Nf3 g6 3. g3 Bg7 4. Bg2 O-O 5. c4 c5 6. O-O cxd4 7. Nxd4 d6 8. Nc3 Nbd7 9. b3 a6 10. Bb2 Rb8 11. Qd2 Qc7 12. Rfd1 Rd8 13. Nd5 Nxd5 14. cxd5 Qb6 15. Rac1 a5 16. a3 Ra8 17. Rc2 Nc5 18. b4 axb4 19. axb4 Na6 20. Bc3 Bd7 21. Ra1 Rdc8 22. e3 Qd8 23. Rca2 Rab8 24. h4 Nc7 25. Ra5 Na8 26. R5a2 Nb6 27. b5 Qf8 28. Rc2 Rc5 29. Rac1 Rbc8 30. Bb4 Bxd4 31. exd4 Rc4 32. Ba5 Rxc2 33. Rxc2 Nc4 34. Qb4 Nxa5 35. Rxc8 Qxc8 36. Qxa5 Kg7 37. Bf1 Qc1 38. Kg2 Bh3+ 39. Kxh3 Qxf1+ 40. Kh2 Qxf2+ 41. Kh3 Qg1 42. g4 Qe3+ 0-1

[Event "London Classic op"]
[Site "London ENG"]
[Date "2012.12.04"]
[Round "4.4"]
[White "Golubka, Petro"]
[Black "Hawkins, Jonathan"]
[Result "1/2-1/2"]
[WhiteElo "2418"]
[BlackElo "2507"]
[WhiteFideId "-1"]
[BlackFideId "-1"]
[PlyCount "82"]
[GameId "2130307688683468"]
[EventDate "2012.12.01"]
[EventType "swiss"]
[EventRounds "9"]
[EventCountry "ENG"]
[SourceTitle "The Week in Chess 944"]
[Source "Mark Crowther"]
[SourceDate "2012.12.10"]
[SourceVersion "3"]
[SourceVersionDate "2012.12.11"]
[SourceQuality "2"]

1. e4 c6 2. d4 d5 3. exd5 cxd5 4. c4 Nf6 5. Nc3 Nc6 6. Bf4 g6 7. Nb5 e5 8. dxe5 Bb4+ 9. Bd2 Bxd2+ 10. Qxd2 Nxe5 11. Nf3 Nxf3+ 12. gxf3 O-O 13. O-O-O Be6 14. Qf4 Qe7 15. h4 Nh5 16. Qe5 Qf6 17. Qxf6 Nxf6 18. h5 dxc4 19. hxg6 hxg6 20. Nc7 Rad8 21. Nxe6 fxe6 22. Re1 Rd6 23. a4 Rc8 24. Rh4 Rdc6 25. Rd4 Kg7 26. f4 c3 27. b3 Nd5 28. Bg2 c2 29. Bxd5 exd5 30. Rxd5 R8c7 31. Rg1 Rf6 32. f5 Kf7 33. Rxg6 Rxg6 34. fxg6+ Kxg6 35. a5 Kf6 36. a6 bxa6 37. Rd2 Rc3 38. Rxc2 Rxb3 39. Rc6+ Ke5 40. Rxa6 Rf3 41. Rxa7 Rxf2 1/2-1/2

[Event "London Classic op"]
[Site "London ENG"]
[Date "2012.12.05"]
[Round "5.11"]
[White "McKenna, Jason"]
[Black "Golubka, Petro"]
[Result "1/2-1/2"]
[WhiteElo "2102"]
[BlackElo "2418"]
[WhiteFideId "-1"]
[BlackFideId "-1"]
[PlyCount "130"]
[GameId "2130307688687632"]
[EventDate "2012.12.01"]
[EventType "swiss"]
[EventRounds "9"]
[EventCountry "ENG"]
[SourceTitle "The Week in Chess 944"]
[Source "Mark Crowther"]
[SourceDate "2012.12.10"]
[SourceVersion "3"]
[SourceVersionDate "2012.12.11"]
[SourceQuality "2"]

1. e4 e5 2. Nf3 Nc6 3. Bb5 a6 4. Ba4 Nf6 5. O-O Nxe4 6. d4 b5 7. Bb3 d5 8. dxe5 Be6 9. Nbd2 Nc5 10. c3 Nxb3 11. Nxb3 Be7 12. Nfd4 Qd7 13. Nxc6 Qxc6 14. Be3 O-O 15. f4 g6 16. f5 Bxf5 17. Nd4 Qd7 18. Rxf5 gxf5 19. Bh6 Bc5 20. Qf3 Qe6 21. Qg3+ Qg6 22. Bxf8 Rxf8 23. Rf1 Qxg3 24. hxg3 b4 25. Rxf5 a5 26. Kf1 a4 27. Nb5 Rb8 28. cxb4 Rxb5 29. bxc5 Rxb2 30. a3 Rc2 31. Rf4 Rxc5 32. Rxa4 Rc1+ 33. Ke2 Rc2+ 34. Kd3 Rxg2 35. Rg4+ Kf8 36. Kd4 Ra2 37. Kxd5 Rxa3 38. Rc4 Rxg3 39. Rxc7 Re3 40. Kd4 Re1 41. Rc2 Rg1 42. Ke4 Kg7 43. Kf5 h5 44. Re2 Kh6 45. Rf2 Rg6 46. Ke4 Kg7 47. Kf5 h4 48. Rh2 Rh6 49. Rh3 Rh5+ 50. Kg4 Kg6 51. Rf3 Rxe5 52. Kxh4 Rg5 53. Ra3 Rg1 54. Kh3 f6 55. Rf3 Rg5 56. Ra3 Rg1 57. Kh2 Rg4 58. Kh3 Kg5 59. Rg3 Rxg3+ 60. Kxg3 f5 61. Kf3 f4 62. Kf2 Kg4 63. Kg2 f3+ 64. Kf2 Kf4 65. Kf1 Ke3 1/2-1/2